Nụ cười ở lại
Gồm 4 phần: P.1 (Nụ cười - Thông điệp); P.2 (Nụ cười thắp sáng); P.3 (Nụ cười sức sống); P.4 (Nụ cười tuệ từ); P.5 (Nụ cười bất tử); P.6 (Nụ cười huyền thoại)
Guardat en:
| Autor principal: | |
|---|---|
| Altres autors: | |
| Format: | Llibre |
| Idioma: | Undetermined |
| Publicat: |
H.
Văn học
2014
|
| Matèries: | |
| Accés en línia: | http://lrc.tdmu.edu.vn/opac/search/detail.asp?aID=2&ID=20549 |
| Etiquetes: |
Afegir etiqueta
Sense etiquetes, Sigues el primer a etiquetar aquest registre!
|
| Thư viện lưu trữ: | Trung tâm Học liệu Trường Đại học Thủ Dầu Một |
|---|
| LEADER | 01031nam a2200217Ia 4500 | ||
|---|---|---|---|
| 001 | TDMU_20549 | ||
| 008 | 210410s9999 xx 000 0 und d | ||
| 082 | |a 895.9228034 | ||
| 090 | |b NG527 | ||
| 100 | |a Nguyễn, Hồng Công | ||
| 245 | 0 | |a Nụ cười ở lại | |
| 245 | 0 | |c Nguyễn Hồng Công; Ngô Văn Quán...[và những người khác] biên soạn | |
| 260 | |a H. | ||
| 260 | |b Văn học | ||
| 260 | |c 2014 | ||
| 300 | |a 542tr. | ||
| 520 | |a Gồm 4 phần: P.1 (Nụ cười - Thông điệp); P.2 (Nụ cười thắp sáng); P.3 (Nụ cười sức sống); P.4 (Nụ cười tuệ từ); P.5 (Nụ cười bất tử); P.6 (Nụ cười huyền thoại) | ||
| 650 | |a Văn học Việt Nam |v Tự truyện; Nguyễn Hồng Công |x Tự truyện | ||
| 700 | |a Ngô, Văn Quán | ||
| 856 | |u http://lrc.tdmu.edu.vn/opac/search/detail.asp?aID=2&ID=20549 | ||
| 980 | |a Trung tâm Học liệu Trường Đại học Thủ Dầu Một | ||